00438pam a2200181 a 4500001000800000005001700008008004100025010001700066020001500083040001800098041000800116080001400124082001800138100000700156101000800163245005500171504003000226231528620180309081036.0811008s1982 ctu b 001 0 eng  a 81016111  a0300025432 aDLCcDLCdDLC aeng a321.8 DAH00a321.8 DAH2191 a20 aPOL10aDilemmas of pluralist democracy :cRobert A. Dahl. aBibliography: p. 211-217.